| 000 | 00621nam a22002177a 4500 | ||
|---|---|---|---|
| 001 | 451 | ||
| 003 | UA-OsUOA | ||
| 005 | 20230913121453.0 | ||
| 007 | ta | ||
| 008 | 20050602b un ||||| |||| 00| 0 ukr d | ||
| 040 |
_aUA-OsUOA _beng _cUA-OsUOA _dUA-OsUOA |
||
| 041 | _aeng | ||
| 080 | _a929.7 | ||
| 090 |
_a929.7 _bБ82 |
||
| 245 |
_aБорисов-Мусатов _cАлексеева Д. ; пер. с русс.Н. Джонстон |
||
| 260 |
_aЛенінград _bАврора _c1979 |
||
| 300 | _a220 с. | ||
| 650 | 7 |
_a9 Географія. Біографії. Історія _2UDC |
|
| 942 |
_cBK _2udc |
||
| 955 | _a2 | ||
| 999 |
_c286607 _d286607 |
||